|
|
|
|
| LEADER |
01922nam a2200445 i 4500 |
| 001 |
EBC1562266 |
| 003 |
MiAaPQ |
| 005 |
20200520144314.0 |
| 006 |
m o d | |
| 007 |
cr cnu|||||||| |
| 008 |
130502s2014 enka ob 001 0 eng|d |
| 020 |
|
|
|z 9780415506113 (hardback)
|
| 020 |
|
|
|z 9780415506120 (pbk.)
|
| 020 |
|
|
|a 9781315882147 (e-book)
|
| 035 |
|
|
|a (MiAaPQ)EBC1562266
|
| 035 |
|
|
|a (Au-PeEL)EBL1562266
|
| 035 |
|
|
|a (CaPaEBR)ebr10807055
|
| 035 |
|
|
|a (CaONFJC)MIL544500
|
| 035 |
|
|
|a (OCoLC)863824423
|
| 040 |
|
|
|a MiAaPQ
|b eng
|e rda
|e pn
|c MiAaPQ
|d MiAaPQ
|
| 043 |
|
|
|a a-cc---
|
| 050 |
|
4 |
|a HD70.C5
|b W395 2014
|
| 082 |
0 |
|
|a 658.00951
|2 23
|
| 100 |
1 |
|
|a Warner, Malcolm.
|
| 245 |
1 |
0 |
|a Understanding management in China :
|b past, present and future /
|c Malcolm Warner.
|
| 264 |
|
1 |
|a Abingdon, Oxon :
|b Routledge,
|c 2014.
|
| 300 |
|
|
|a 1 online resource (273 pages) :
|b illustrations.
|
| 336 |
|
|
|a text
|2 rdacontent
|
| 337 |
|
|
|a computer
|2 rdamedia
|
| 338 |
|
|
|a online resource
|2 rdacarrier
|
| 440 |
|
0 |
|a Routledge studies in the growth economies of Asia ;
|v 119
|
| 504 |
|
|
|a Includes bibliographical references and index.
|
| 505 |
0 |
|
|a part I. Introduction -- part II. Past -- part III. Present -- part IV. Future.
|
| 588 |
|
|
|a Description based on print version record.
|
| 590 |
|
|
|a Electronic reproduction. Ann Arbor, MI : ProQuest, 2015. Available via World Wide Web. Access may be limited to ProQuest affiliated libraries.
|
| 650 |
|
0 |
|a Management
|z China
|x History.
|
| 655 |
|
4 |
|a Electronic books.
|
| 776 |
0 |
8 |
|i Print version:
|a Warner, Malcolm.
|t Understanding management in China : past, present and future.
|d Abingdon, Oxon : Routledge, 2014
|h xxvii, 244 pages
|k Routledge studies in the growth economies of Asia ; 119
|z 9780415506113
|w (DLC) 2013017304
|
| 797 |
2 |
|
|a ProQuest (Firm)
|
| 856 |
4 |
0 |
|u https://ebookcentral.proquest.com/lib/matrademy/detail.action?docID=1562266
|z Click to View
|